The Power of Now (Record no. 369903)

MARC details
000 -LEADER
fixed length control field 00468nam a2200169 4500
005 - DATE AND TIME OF LATEST TRANSACTION
control field 20260117135543.0
008 - FIXED-LENGTH DATA ELEMENTS--GENERAL INFORMATION
fixed length control field 260117b |||||||| |||| 00| 0 eng d
020 ## - INTERNATIONAL STANDARD BOOK NUMBER
International Standard Book Number 978-81-901059-1-4
041 ## - LANGUAGE CODE
Language code of text/sound track or separate title English
082 ## - DEWEY DECIMAL CLASSIFICATION NUMBER
Classification number X 158 TOL
Item number B12179
100 ## - MAIN ENTRY--PERSONAL NAME
Author Tolle, Eckhart
245 ## - TITLE STATEMENT
Title The Power of Now
Remainder of title A guide to spiritual enlightenment
260 ## - PUBLICATION, DISTRIBUTION, ETC.
Place of publication, distribution, etc. Mumbai
Name of publisher, distributor, etc. Yogi Impressions
Date of publication, distribution, etc. 2019
300 ## - PHYSICAL DESCRIPTION
Extent xxi,192p
Other physical details pb
365 ## - TRADE PRICE
Price type code Rupaye
Price amount 235
Currency code INR
942 ## - ADDED ENTRY ELEMENTS (KOHA)
Koha item type Books
Holdings
Withdrawn status Lost status Source of classification or shelving scheme Damaged status Not for loan Collection code Home library Current library Date acquired Vendor Net Price Bill number Total Checkouts Full call number Barcode Date last seen Actual Price Bill Date Koha item type
    Dewey Decimal Classification     Non-fiction Smt. Bakul Tambat Institute of Nursing Education Smt. Bakul Tambat Institute of Nursing Education 30/12/2025 Amazon(online) 171-6459781-3476354 235.00 IN-222   X 158 TOL B12179 BTIN-BK-12179 17/01/2026 235.00 18/12/2025 Books